000 01192namaa22003131i 4500
005 20260519102446.0
008 260519s1994 ua a|||frm||| 000 0 eng d
040 _aEG-GICUC
_beng
_cEG-GICUC
_dEG-GICUC
_erda
041 0 _aeng
_beng
_bara
049 _aDeposit
097 _aM.Sc
099 _aCai01.11.07.M.Sc.1994.Am.E
100 0 _aAmal Abdel-Gawad M. Wafa,
_epreparation.
245 1 0 _aLactoferrin /
_cBy Amal Abdel-Gawad M. Wafa, ; Supervisors Prof. Dr. Salah El.Deen Ali El. Ashmawy, Prof. Dr. Inas Esmail Raafat
_bRemainder of title /
246 1 5 _aلاكتوفرين
264 0 _c1994.
300 _a164 Leaves
_billustrations
_c30 cm. +
336 _2rda content
_atext
337 _2rdamedia
_aUnmediated
338 _2rdacarrier
_avolume
502 _aThesis (M.Sc.)-Cairo University, 1994
504 _aBibliography: pages 117-164
653 0 _aLactoferrin
700 0 _aSalah El.Deen Ali El. Ashmawy
_ethesis advisor.
700 0 _aInas Esmail Raafat
_ethesis advisor.
900 _DDepartment of Chemical Pathology
_FFaculty of Medicine
_UCairo University
_b1994
_cSalah El.Deen Ali El. Ashmawy
_cInas Esmail Raafat
905 _aNehad
942 _2ddc
_cTH
_e21
_n0
999 _c180216